Elektromagnetický uzatvárací prostriedok. F 16K 12/00

Bibliographic Details
Main Author: Delot, José (Author)
Format: Book
Language:Undetermined
PhysicalDescription:5 s.
Published: Banská Bystrica Úrad priemyselného vlastníctva SR 1996

MARC

LEADER 00000nam a2200000 a 4500
001 vtls001223892
003 SK-MaSNL
005 20260301154623.0
008 240313s1996 xo 0 und
035 |a SNK000170147 
040 |a SNK  |b slo  |c SNK  |e AACR2 
044 |a xo  |c SK 
100 1 |a Delot, José  |4 aut  |9 517759 
245 1 |a Elektromagnetický uzatvárací prostriedok. F 16K 12/00 
260 |a Banská Bystrica  |b Úrad priemyselného vlastníctva SR  |c 1996 
300 |a 5 s. 
999 |c 797484  |d 799414 
952 |t P60, <04>, [BOOK], {604}  |a SNK  |b SNK  |y VYP  |7 0  |p 17A0052960  |o snkSK 278342  |i snkPS 51/97  |0 0  |1 0  |4 0  |d 1997-03-25  |l 0  |r 2005-01-01 00:00:00  |w 2026-02-24